Countries by Historical Figures #3 - Statistics

General Stats
  • This quiz has been taken 1,407 times
  • The average score is 11 of 20
Answer Stats
Hint Answer % Correct
Fidel Castro, Fulgencio Batista Cuba
98%
Saddam Hussein, Saladin Iraq
94%
Marie Curie, John Paul II Poland
88%
Prophet Muhammad, Abdulaziz bin Abdul Rahman Saudi Arabia
81%
Vasco da Gama, Fernando Pessoa Portugal
78%
Leif Erikson, Bríet Bjarnhéðinsdóttir Iceland
73%
Charlemagne, Leopold II Belgium
70%
Harry Houdini, Imre Nagy Hungary
65%
Hugo Chávez, Luisa Cáceres de Arismendi Venezuela
65%
Ernest Rutherford, Edmund Hillary New Zealand
51%
Jan Hus, Alexander Dubcek Czechia
46%
Lee Kuan Yew, Elizabeth Choy Singapore
40%
King Mohamed VI, Ibn Battuta Morocco
38%
George Skanderbeg, Enver Hoxha Albania
37%
Tupac Amaru II, Francisco Bolognesi Cervantes Peru
33%
Yves Saint Laurent, Ahmed Ben Bella Algeria
32%
Sejong the Great, Syngman Rhee South Korea
31%
Queen Amina, Chinua Achebe Nigeria
24%
Marshal Carl Mannerheim, Minna Canth Finland
18%
Tajuddin Ahmed, Sheikh Mujib Rahman Bangladesh
10%
No matching quizzes found
Score Distribution
Percent of People with Each Score
Percentile by Number Answered
Your Score History
You have not taken this quiz